[Event "45th Olympiad 2024"]
[Site "Budapest HUN"]
[Date "2024.09.21"]
[Round "10.16"]
[Board "3"]
[White "Livaic, Leon"]
[Black "Zhalmakhanov, Ramazan"]
[Result "1/2-1/2"]
[WhiteElo "2550"]
[BlackElo "2497"]
[PlyCount "128"]
[EventDate "2024.09.11"]
[WhiteTeam "Croatia"]
[BlackTeam "Kazakhstan"]
[WhiteTeamCountry "CRO"]
[BlackTeamCountry "KAZ"]

1. d4 Nf6 2. Nf3 e6 3. Bf4 c5 4. c3 cxd4 5. cxd4 Qb6 6. Qb3 Qxb3 7. axb3 Nc6 8. Nc3 Bb4 ({RR} 8... b6 9. e4 Bb4 10. Bd3 Bb7 11. O-O O-O 12. h3 Na5 13. Nd2 Rfc8 14. Rfc1 d5 15. e5 Ne4 16. Ndxe4 dxe4 17. Bxe4 Bxe4 18. Nxe4 Rxc1+ 19. Rxc1 Nxb3 20. Rc4 a5 21. Be3 h6 22. Rc7 Rd8 23. Rb7 {0-1 Olsen,F (2440)-Grischuk,A (2728) Titled Tue 2nd Apr Late 2024 (10)}) 9. Bd2 d5 10. e3 Bd7 11. Ne5 $146 ({RR} 11. Nb5 Bxd2+ 12. Nxd2 Ke7 13. Be2 Rhc8 14. O-O Ne8 15. Rfc1 Nd6 16. Nxd6 Kxd6 17. Nf3 f6 18. Rc3 Nb4 19. Kf1 Bc6 20. Ne1 e5 21. Nd3 Nxd3 22. Bxd3 e4 23. Be2 f5 24. Rac1 a6 25. b4 Bd7 {0-1 Bykov,E (2068)-Gedgafov,C Nalchik SKFO-ch 2013 (9)}) ({RR} 11. Bd3 O-O 12. h3 Rfc8 13. O-O Be7 14. Ne5 Be8 15. Rac1 Nb4 16. Bb1 Nd7 17. Nd3 Nb6 18. f4 a5 19. Ne2 Nxd3 20. Bxd3 a4 21. b4 Nc4 22. Bxc4 dxc4 23. Ra1 b5 24. Bc3 Bc6 25. Ng3 Bd6 {½-½ Saligo,P (1911)-Mabille,N (1812) BEL-ch U16 Houffalize 2011 (2)}) ({RR} 11. Bd3 Ke7 12. Ke2 Rhc8 13. Rhc1 Na5 14. Nxd5+ Nxd5 15. Bxb4+ Nxb4 16. Rxc8 Rxc8 17. Rxa5 a6 18. Ra1 Bb5 19. Bxb5 Rc2+ 20. Kf1 axb5 21. Ne1 Rxb2 22. Ra7 Rb1 23. Rxb7+ Kf6 24. Ke2 Rb2+ 25. Kf3 Nd5 {½-½ Sai,H (2161)-Harsha,B (2572) Titled Tuesday intern op 27th Sep Early blitz 2022 (2)}) 11... Nxe5 12. dxe5 Ng4 13. f4 Bc5 14. Nd1 d4 15. exd4 Bxd4 16. Be2 h5 17. Bxg4 hxg4 18. Be3 Bxe3 19. Nxe3 g3 20. h4 Bc6 21. h5 Rd8 22. Rd1 Rxd1+ 23. Kxd1 f6 24. exf6 gxf6 25. Rh3 Kf7 26. Ke2 b5 27. b4 Be4 28. h6 f5 29. Rxg3 Rxh6 30. Rh3 Rxh3 31. gxh3 e5 32. Kf2 exf4 33. Ng2 f3 34. Nh4 Kf6 35. Nxf3 f4 36. Nd4 a6 37. Nb3 Kg5 38. Nc5 Bf5 39. Kf3 Bxh3 40. Nxa6 Bd7 41. Nc5 Bc6+ 42. Ke2 Kf5 43. Nb3 Ke5 44. Nc1 Bd5 45. Nd3+ Ke4 46. Nf2+ Kd4 47. Nh3 f3+ 48. Kd2 Be6 49. Nf2 Bf5 50. Nd1 Bd3 51. Nf2 Be2 52. b3 Bf1 53. Nd1 Bd3 54. Nf2 Bf5 55. Nd1 Bd7 56. Ne3 Be6 57. Nc2+ Ke4 58. Na3 Bd7 59. Ke1 Ke3 60. Nc2+ Kd3 61. Na3 Kc3 62. Kf2 Kxb4 63. Nxb5 Bxb5 64. Kxf3 Kxb3 1/2-1/2

[Event "45th Olympiad 2024"]
[Site "Budapest HUN"]
[Date "2024.09.21"]
[Round "10.16"]
[Board "4"]
[White "Ansat, Aldiyar"]
[Black "Stevic, Hrvoje"]
[Result "1/2-1/2"]
[WhiteElo "2457"]
[BlackElo "2531"]
[PlyCount "92"]
[EventDate "2024.09.11"]
[WhiteTeam "Kazakhstan"]
[BlackTeam "Croatia"]
[WhiteTeamCountry "KAZ"]
[BlackTeamCountry "CRO"]

1. e4 e5 2. Nf3 Nc6 3. Bb5 a6 4. Ba4 Nf6 5. O-O Nxe4 6. d4 b5 7. Bb3 d5 8. dxe5 Be6 9. c3 Be7 10. Nbd2 Nc5 11. Bc2 d4 12. Nb3 d3 13. Bb1 Nxb3 14. axb3 Bf5 15. Bf4 O-O 16. Re1 Qd7 17. b4 Rfd8 18. h3 a5 19. bxa5 Rxa5 20. Rxa5 Nxa5 21. Nd4 c5 22. e6 fxe6 23. Nxf5 exf5 24. Qxd3 Qxd3 25. Bxd3 Rxd3 26. Rxe7 Nc4 27. b3 $146 ({RR} 27. Rb7 Nxb2 28. Rxb5 Nd1 29. Be5 Nxc3 30. Rb7 g6 31. Rg7+ Kf8 32. Rxh7 Ne4 33. f3 Ng5 34. Ra7 Ne6 35. h4 Rd5 36. Bf6 f4 37. Re7 Rd6 38. Ra7 Rd5 39. Re7 Rd6 40. Ra7 {½-½ Narayanan,S (2673)-Vokhidov,S (2568) 13th World Teams Pool B 2022 (4.2)}) 27... Na5 28. Rc7 Nxb3 29. Be5 g6 30. Rg7+ Kf8 31. Rxh7 Rd1+ 32. Kh2 Nd2 33. h4 Ne4 34. f3 Rd5 35. fxe4 Rxe5 36. exf5 Rxf5 37. Rb7 Rf4 38. Kg3 Rc4 39. Rxb5 Rxc3+ 40. Kf4 Kg7 41. g4 Kh6 42. Rb7 Rc4+ 43. Kf3 Rc3+ 44. Kf4 Rc4+ 45. Kf3 Rc3+ 46. Kf4 Rc4+ 1/2-1/2

[Event "45th Olympiad 2024"]
[Site "Budapest HUN"]
[Date "2024.09.21"]
[Round "10.17"]
[Board "1"]
[White "Stremavicius, Titas"]
[Black "Haring, Filip"]
[Result "1-0"]
[WhiteElo "2527"]
[BlackElo "2503"]
[PlyCount "81"]
[EventDate "2024.09.11"]
[WhiteTeam "Lithuania"]
[BlackTeam "Slovakia"]
[WhiteTeamCountry "LTU"]
[BlackTeamCountry "SVK"]

1. Nf3 Nf6 2. g3 e6 3. c4 d5 4. Bg2 dxc4 5. Qa4+ Nbd7 6. Qxc4 a6 7. Qc2 Rb8 8. O-O b5 9. Nd4 Ne5 10. Nb3 Bb7 11. Bxb7 Rxb7 12. d4 Ned7 13. Bg5 Bd6 14. e4 $146 ({RR} 14. Bxf6 gxf6 15. N1d2 O-O 16. Ne4 f5 17. Nbc5 Bxc5 18. Nxc5 Rb6 19. Nd3 Nf6 20. Rac1 Qxd4 21. Qxc7 {½-½ Dorfman,J (2583)-Bacrot,E (2720) FRA-chA 85th 2010 (1)}) 14... h6 15. Be3 Ng4 16. Bd2 e5 17. h3 Ngf6 18. dxe5 Bxe5 19. f4 Nh5 20. fxe5 Nxg3 21. Rf3 Nh5 22. e6 fxe6 23. Qc3 b4 24. Qd4 Rb5 25. a4 Re5 26. Be3 c5 27. Qd6 c4 28. Nd4 Rxe4 29. Nxe6 Qe7 30. Nc7+ Kd8 31. Qxe7+ Rxe7 32. Nd5 Re6 33. Nxb4 Rhe8 34. Bf2 Re2 35. Nc3 Rxb2 36. Nxa6 Ne5 37. Rd1+ Kc8 38. Re3 Re6 39. Nc5 Rg6+ 40. Kf1 Rf6 41. N3e4 1-0

[Event "45th Olympiad 2024"]
[Site "Budapest HUN"]
[Date "2024.09.21"]
[Round "10.17"]
[Board "2"]
[White "Sahidi, Samir"]
[Black "Pultinevicius, Paulius"]
[Result "1-0"]
[WhiteElo "2474"]
[BlackElo "2587"]
[PlyCount "93"]
[EventDate "2024.09.11"]
[WhiteTeam "Slovakia"]
[BlackTeam "Lithuania"]
[WhiteTeamCountry "SVK"]
[BlackTeamCountry "LTU"]

1. e4 c6 2. Nf3 d5 3. d3 dxe4 4. dxe4 Qxd1+ 5. Kxd1 Nf6 6. Nfd2 Nbd7 ({RR} 6... g5 7. Nc3 Nbd7 8. Nb3 g4 9. f4 gxf3 10. gxf3 Ne5 11. Be2 Ng6 12. a4 Nh5 13. Be3 Nhf4 14. h4 Ng2 15. Bf2 Bh6 16. h5 Ne5 17. Nc5 Ne3+ 18. Bxe3 Bxe3 19. Nd3 Bd4 20. Nxe5 Bxe5 21. Kd2 {0-1 Vidit,S (2716)-Carlsen,M (2839) chess.com SpeedChess 2023 (1.21)}) 7. a4 Nc5 $146 ({RR} 7... h5 8. h4 Ng4 9. Ke2 f5 10. f3 Ngf6 11. Nc3 e5 12. exf5 Nc5 13. Nc4 Bxf5 14. Ne3 Bg6 15. Kf2 Ne6 16. a5 O-O-O 17. Nc4 Bc5+ 18. Kg3 Bxc2 19. a6 b5 20. Na5 Kc7 21. Nb7 b4 22. Na4 {1-0 Hansen,E (2613)-Sychev,K (2552) Titled Tuesday intern op 27th Sep Early blitz 2022 (6)}) ({RR} 7... g6 8. f3 Bh6 9. Nb3 Bxc1 10. Kxc1 Ne5 11. a5 g5 12. N1d2 h5 13. Nc4 Nxc4 14. Bxc4 Nd7 15. Kd2 Ne5 16. Be2 Be6 17. Nc5 O-O-O+ 18. Kc3 h4 19. Rhd1 Kc7 20. Rxd8 Rxd8 21. Rd1 Rxd1 22. Bxd1 {1-0 Kravtsiv,M (2598)-Prohaszka,P (2578) Chessable Masters Play-In 2024 (3)}) ({RR} 7... g5 8. Nc3 h5 9. Nc4 Bh6 10. h4 g4 11. Bg5 Nc5 12. f3 Be6 13. Ne3 Bg7 14. Be2 a5 15. Ke1 O-O-O 16. Nc4 Bxc4 17. Bxc4 Ne6 18. Bxe6+ fxe6 19. Ke2 Rd4 20. Rad1 Rc4 21. Rd3 Rd8 22. Rhd1 {0-1 Vachier Lagrave,M (2838)-Dreev,A (2633) Lindores Abbey Blitz Tal Memorial 2021 (9.8)}) 8. f3 g5 9. Nc4 g4 10. Be3 Ne6 11. Nbd2 gxf3 12. gxf3 h5 13. Ke2 h4 14. a5 Bh6 15. Bxh6 Rxh6 16. Ke3 Nh5 17. Rg1 f6 18. Nb3 Rh8 19. Bh3 Kd8 20. Bg4 Kc7 21. Bxh5 Rxh5 22. Rg8 Rb8 23. Rag1 Bd7 24. Rxb8 Kxb8 25. Rg8+ Kc7 26. f4 Nxf4 27. Kxf4 Be6 28. Rg7 Bxc4 29. Rxe7+ Kd6 30. Rxb7 Bxb3 31. Rxb3 Rxa5 32. Rd3+ Ke6 33. Rc3 Kd6 34. Kg4 Rb5 35. b3 c5 36. Kf5 Ke7 37. Rc4 h3 38. e5 fxe5 39. Kxe5 Kd7 40. Kd5 Rb6 41. Rc3 Rd6+ 42. Kxc5 Rc6+ 43. Kd4 Rd6+ 44. Ke4 Re6+ 45. Kf4 a5 46. Kg4 Rh6 47. Rc5 1-0

[Event "45th Olympiad 2024"]
[Site "Budapest HUN"]
[Date "2024.09.21"]
[Round "10.17"]
[Board "3"]
[White "Kazakouski, Valery"]
[Black "Druska, Juraj"]
[Result "1/2-1/2"]
[WhiteElo "2577"]
[BlackElo "2441"]
[PlyCount "89"]
[EventDate "2024.09.11"]
[WhiteTeam "Lithuania"]
[BlackTeam "Slovakia"]
[WhiteTeamCountry "LTU"]
[BlackTeamCountry "SVK"]

1. d4 Nf6 2. c4 c5 3. d5 b5 4. cxb5 a6 5. e3 axb5 6. Bxb5 Qa5+ 7. Nc3 Bb7 8. Bd2 Qb6 9. a4 Nxd5 10. Nf3 e6 11. O-O Be7 12. Ne5 O-O 13. e4 Nb4 14. Bf4 Qd8 15. Re1 $146 ({RR} 15. Nxd7 Nxd7 16. Qxd7 Qxd7 17. Bxd7 Nc2 18. Rad1 Nd4 19. Bc7 Ba6 20. Nb5 Bc8 21. Nxd4 Bxd7 22. Nf5 exf5 23. Rxd7 Rfe8 24. exf5 Rxa4 25. Re1 Bf8 26. Kf1 Rxe1+ 27. Kxe1 Ra7 28. Kd2 Rb7 29. Kc3 h5 {1-0 Arabidze,M (2461)-Mgeladze,K (2040) 81st ch-GEO w 2024 (9.5)}) ({RR} 15. Qg4 d6 16. Nc4 Nc2 17. Rad1 Nd4 18. Qg3 Bh4 19. Qg4 e5 20. Bg3 Bf6 21. Rd3 Bc8 22. Qd1 Be6 23. f4 Nxb5 24. Nxb5 Bxc4 25. Rxd6 Qe7 26. Rf2 Bxb5 27. axb5 exf4 28. Bxf4 Bd4 29. Rxd4 cxd4 {1-0 Lazavik,D (2541)-Manelyuk,D (2322) Titled Tue 14th Feb Early 2023 (4)}) ({RR} 15. Nxd7 Nxd7 16. Bxd7 Qb6 17. Bb5 Rfd8 18. Qh5 Nc2 19. Rad1 Ba6 20. Rxd8+ Bxd8 21. Qe2 Nd4 22. Qc4 Bb7 23. Rd1 Be7 24. f3 Nc6 25. Kf1 Bf6 26. Be3 Be7 27. Ne2 Qc7 28. Bf4 Qb6 29. Be3 Qc7 {1-0 Brunello,S (2513)-Akhvlediani,I (2363) 22nd Spilimbergo Open 2024 (6.7)}) 15... d6 16. Nc4 e5 17. Be3 Qc7 18. Na3 N8c6 19. Nc2 f5 20. Nxb4 Nxb4 21. Bc4+ Kh8 22. f3 Qb8 23. Qd2 Qe8 24. b3 Qg6 25. Rad1 Rab8 26. Kh1 h6 27. exf5 Rxf5 28. Qe2 Rh5 29. Kg1 Rf5 30. Rf1 Rff8 31. Kh1 Rfd8 32. Nd5 Nxd5 33. Rxd5 Bc6 34. Rfd1 Rf8 35. Qd3 Qxd3 36. R5xd3 e4 37. fxe4 Bxe4 38. R3d2 d5 39. Bxd5 Bxd5 40. Rxd5 Rxb3 41. Re5 Rd8 42. Rxd8+ Bxd8 43. g3 c4 44. Re8+ Kh7 45. Rxd8 1/2-1/2

[Event "45th Olympiad 2024"]
[Site "Budapest HUN"]
[Date "2024.09.21"]
[Round "10.17"]
[Board "4"]
[White "Kostolansky, Sebastian Lukas"]
[Black "Laurusas, Tomas"]
[Result "1/2-1/2"]
[WhiteElo "2405"]
[BlackElo "2569"]
[PlyCount "97"]
[EventDate "2024.09.11"]
[WhiteTeam "Slovakia"]
[BlackTeam "Lithuania"]
[WhiteTeamCountry "SVK"]
[BlackTeamCountry "LTU"]

1. e4 c5 2. Nf3 e6 3. d4 cxd4 4. Nxd4 Nc6 5. Nc3 Qc7 6. Be3 Nf6 7. Qf3 a6 8. O-O-O d6 ({RR} 8... Bb4 9. Nxc6 Qxc6 10. Bd4 Bxc3 11. Bxc3 Qxe4 12. Qg3 Qg6 13. Qe5 O-O 14. Bd3 Qg4 15. f3 Qh5 16. Qg3 Ne8 17. f4 d6 18. Qf2 Bd7 19. g4 Qh3 20. Rhg1 Bc6 21. Rg3 Qh4 22. Re1 Bb5 23. Be4 {0-1 Vallejo Pons,F (2706)-Movsesian,S (2699) Wch Blitz 7th 2013 (28)}) ({RR} 8... b5 9. e5 b4 10. Na4 Nd5 11. Nxc6 Qxc6 12. b3 Bb7 13. Bc4 Rc8 14. Rd2 Qc7 15. Qg3 Nc3 16. Nb6 Rd8 17. f4 Nxa2+ 18. Kb2 Nc3 19. f5 Ne4 20. Qf4 Nxd2 21. fxe6 dxe6 22. Bxd2 Qxb6 23. Be3 {0-1 Papp,B (2278)-Wanyama,H (2154) Titled Tue 9th Apr Late 2024 (11)}) 9. Nxc6 Qxc6 10. Qg3 $146 ({RR} 10. g4 Nd7 11. g5 b5 12. Qh3 b4 13. Ne2 e5 14. Ng3 Nc5 15. Qg2 Na4 16. f4 Be6 17. b3 Qc3 18. Qf2 Qb2+ 19. Kd2 exf4 20. Bd4 Nc3 21. Qxf4 Qxa2 22. Bd3 Nxd1 23. Rxd1 Qa5 24. Ra1 Qd8 {0-1 Florstedt,J (2320)-Nagy,G (2479) Marianske Lazne IM-B1 18th 2019 (1)}) ({RR} 10. g4 b5 11. g5 Nd7 12. Qh3 g6 13. Bg2 Nb6 14. Qg3 b4 15. Nd5 exd5 16. exd5 Qc7 17. Bd4 Bf5 18. Rd2 Rc8 19. Qe3+ Be7 20. Bxb6 Qc4 21. b3 Qc3 22. Qxc3 Rxc3 23. f4 O-O 24. Bd4 Rcc8 {½-½ Yaniv,Y (2221)-Aizenberg,B (2177) Petah Tikva Elitzur IM-C 2020 (3)}) 10... b5 11. e5 dxe5 12. Qxe5 Nd7 13. Qd4 Bb7 14. Be2 Nf6 15. Qe5 Qc8 16. Rhg1 Be7 17. g4 O-O 18. g5 Nd7 19. Qf4 Nc5 20. Bd4 Rd8 21. Bh5 g6 22. Bf6 Re8 23. Bf3 b4 24. Ne2 Bxf3 25. Qxf3 Qc7 26. h4 Rac8 27. h5 Bxf6 28. gxf6 Qe5 29. hxg6 hxg6 30. Nd4 Qe4 31. Qg3 e5 32. Rge1 Qf4+ 33. Qxf4 exf4 34. Rh1 Ne4 35. Nf5 gxf5 36. Rdg1+ Ng3 37. fxg3 f3 38. Rh2 Re2 39. Rxe2 fxe2 40. Re1 Kh7 41. Rxe2 Kg6 42. Re7 Kxf6 43. Ra7 Rc6 44. Kd2 Kg6 45. Rb7 a5 46. Rb5 Ra6 47. Ke3 Kg5 48. Kf3 Rc6 49. g4 1/2-1/2

[Event "45th Olympiad 2024"]
[Site "Budapest HUN"]
[Date "2024.09.21"]
[Round "10.18"]
[Board "1"]
[White "Bjerre, Jonas Buhl"]
[Black "Henriquez Villagra, Cristobal"]
[Result "0-1"]
[WhiteElo "2648"]
[BlackElo "2604"]
[PlyCount "140"]
[EventDate "2024.09.11"]
[WhiteTeam "Denmark"]
[BlackTeam "Chile"]
[WhiteTeamCountry "DEN"]
[BlackTeamCountry "CHI"]

1. e4 c5 2. Nf3 Nc6 3. Bb5 g6 4. Bxc6 dxc6 5. d3 Qc7 6. Be3 e5 7. Qd2 Nf6 8. h3 h6 ({RR} 8... Be7 9. a4 a5 10. Na3 Nd7 11. O-O O-O 12. Nh2 Re8 13. f4 exf4 14. Bxf4 Ne5 15. b3 Be6 16. Nc4 Bxc4 17. Ng4 f6 18. bxc4 Rf8 19. Bxe5 fxe5 20. Qc3 Bg5 21. Qxe5 Qxe5 22. Nxe5 Bf6 23. Rxf6 {1-0 Ozsakallioglu,O (2365)-Gunduz,U (2314) Satranc Arena IM Chess 1 2024 (2.3)}) 9. a4 a5 10. Nc3 b6 11. Nh2 $146 ({RR} 11. O-O Be6 12. Rae1 g5 13. Nh2 Nh5 14. Ng4 Bg7 15. g3 Nf4 16. gxf4 gxf4 17. Bxf4 exf4 18. Nd5 cxd5 19. exd5 h5 20. Nh2 Rg8 21. Kh1 Qb7 22. c4 O-O-O 23. Qxf4 Bxh3 24. Rg1 Qd7 25. Re3 Bd4 {0-1 Pranav,V (2545)-Praggnanandhaa,R (2684) Baer Challenge Final 2022 (3.3)}) 11... g5 12. h4 gxh4 13. f4 Nh5 14. f5 Ng3 15. Rg1 Ba6 16. Qf2 O-O-O 17. Nf3 Be7 18. O-O-O Kb7 19. b3 Rhg8 20. Kb1 Qd6 21. Bc1 Rg4 22. Bb2 Bg5 23. Nh2 Rf4 24. Qe1 Bf6 25. Bc1 Re8 26. Be3 Bg7 27. Ka2 Qf6 28. Qd2 Rd8 29. Qc1 b5 30. Rge1 b4 31. Bxf4 exf4 32. e5 Qxf5 33. Ne4 Bxe5 34. Nf3 Bh8 35. Nxh4 Qg4 36. Nf3 Kb6 37. Nxg3 Qxg3 38. Ne5 Bg7 39. Re4 f5 40. Re2 Rd5 41. Nf3 Bh8 42. Re8 Bc3 43. Kb1 h5 44. Re7 h4 45. Ng1 Re5 46. Rxe5 Bxe5 47. Nf3 Bh8 48. Rh1 Qg7 49. Ka2 Bxd3 50. Rxh4 Be4 51. Nd2 Bd5 52. Rxf4 Qxg2 53. Rxf5 Qh3 54. Rf4 Bd4 55. Rxd4 cxd4 56. Qf1 Qxf1 57. Nxf1 Kc5 58. Kb2 Kd6 59. Kc1 d3 60. Nd2 dxc2 61. Kxc2 Bf7 62. Kd3 c5 63. Ke3 Kc6 64. Kf4 Kd6 65. Ke4 Bg8 66. Kf4 Bd5 67. Kf5 Bxb3 68. Nxb3 c4 69. Nxa5 Kd5 70. Kf4 b3 0-1

[Event "45th Olympiad 2024"]
[Site "Budapest HUN"]
[Date "2024.09.21"]
[Round "10.70"]
[White "Salinas Herrera, Pablo"]
[Black "Andersen, Mads"]
[Result "1-0"]
[WhiteElo "2479"]
[BlackElo "2598"]
[PlyCount "117"]
[EventDate "2024.09.11"]
[WhiteTeam "Chile"]
[BlackTeam "Denmark"]
[WhiteTeamCountry "CHI"]
[BlackTeamCountry "DEN"]

1. e4 e5 2. Nf3 Nc6 3. Bc4 Nf6 4. d3 Bc5 5. Nc3 a6 6. O-O d6 7. a4 h6 ({RR} 7... Be6 8. Nd5 h6 9. c3 Ba7 10. Be3 Bxe3 11. fxe3 Bxd5 12. exd5 Ne7 13. e4 Ng6 14. a5 O-O 15. b4 c6 16. Qb3 Qc7 17. dxc6 bxc6 18. Nd2 Rfd8 19. Qa2 d5 20. Bb3 Nf4 21. Kh1 Nxd3 22. g3 {0-1 So,W (2773)-Nakamura,H (2768) Chess.com Rapid Winners 2022 (3.2)}) 8. Be3 O-O 9. Nd5 $146 ({RR} 9. Bxc5 dxc5 10. h3 Rb8 11. Re1 Re8 12. Nd2 Nd4 13. a5 Qd6 14. Ne2 Nc6 15. Ng3 g6 16. Rf1 Kg7 17. Bb3 Nd4 18. Nc4 Qe7 19. Ba2 Be6 20. Ne3 Bxa2 21. Rxa2 Qe6 22. b3 Rbd8 23. Ra1 h5 {½-½ Abdusattorov,N (2688)-Niemann,H (2688) Chess.com Rapid Wk22 Swiss 2022 (6)}) ({RR} 9. Bxc5 dxc5 10. Nd5 Be6 11. Ne3 Qd7 12. a5 Rad8 13. Nd2 Bxc4 14. Ndxc4 Qe6 15. Qe1 Nh5 16. g3 Nd4 17. Qd1 g6 18. c3 Nc6 19. Qe2 Kh7 20. Rae1 Ng7 21. Nd5 f5 22. Nxc7 Qf7 23. Nd5 f4 {1-0 Petkov,M (2518)-Ongut,T (2254) 17th Arad Open 2024 (7.17)}) ({RR} 9. Bxc5 dxc5 10. Nd2 Qd6 11. Nd5 Nxd5 12. Bxd5 Nb4 13. Bb3 Be6 14. Bxe6 Qxe6 15. Nc4 Rad8 16. Qe2 b6 17. f4 exf4 18. Rxf4 f5 19. Raf1 fxe4 20. Rxe4 Rxf1+ 21. Qxf1 Qf7 22. Qxf7+ Kxf7 23. Re2 {½-½ Bacrot,E (2662)-Kollars,D (2628) World Rapid Team 2023 (9.3)}) 9... Bxe3 10. fxe3 Nxd5 11. Bxd5 Ne7 12. Bb3 Ng6 13. c3 a5 14. d4 Qe7 15. Qe1 Be6 16. Bc2 Bc4 17. Rf2 b6 18. Nd2 Be6 19. Qe2 Kh7 20. Nf1 Qg5 21. Ng3 Rae8 22. Raf1 Kg8 23. Bd1 Ne7 24. Qd3 g6 25. Kh1 Kg7 26. b4 Ra8 27. Bc2 Ng8 28. Qe2 h5 29. Qb5 Nh6 30. Re1 Ng4 31. Rf3 h4 32. Nf1 Nf6 33. Nd2 axb4 34. cxb4 Bg4 35. Rf2 Bd7 36. Qc4 Ng4 37. Rfe2 Qe7 38. b5 Rh8 39. h3 Nf6 40. Nf3 Ra7 41. Qb4 c5 42. Qb2 Re8 43. Rd2 Bc8 44. Red1 Bb7 45. dxe5 dxe5 46. Qb1 c4 47. Rd6 Qc7 48. Ng5 Qc5 49. Qc1 c3 50. Kh2 Re7 51. Rd8 Kh6 52. Nf3 Ra8 53. Nxh4 Rxd8 54. Rxd8 Nxe4 55. Nf5+ gxf5 56. Qe1 Nf6 57. Qh4+ Kg6 58. Qg3+ Ng4+ 59. Qxg4+ 1-0

[Event "45th Olympiad 2024"]
[Site "Budapest HUN"]
[Date "2024.09.21"]
[Round "10.18"]
[Board "3"]
[White "Thybo, Jesper Sondergaard"]
[Black "Vasquez Schroeder, Rodrigo"]
[Result "1-0"]
[WhiteElo "2555"]
[BlackElo "2457"]
[PlyCount "83"]
[EventDate "2024.09.11"]
[WhiteTeam "Denmark"]
[BlackTeam "Chile"]
[WhiteTeamCountry "DEN"]
[BlackTeamCountry "CHI"]

1. d4 Nf6 2. c4 e6 3. Nf3 Bb4+ 4. Bd2 Qe7 5. g3 Bxd2+ 6. Qxd2 Nc6 7. a3 d5 8. Bg2 O-O 9. O-O Rd8 10. Qc3 dxc4 11. Nbd2 Nd5 12. Qxc4 e5 13. dxe5 Nxe5 14. Qc2 Nxf3+ 15. Nxf3 c5 $146 ({RR} 15... Bg4 16. Rfd1 c6 17. Rd4 Nf6 18. Rad1 Rxd4 19. Nxd4 Rd8 20. h3 Bc8 21. b4 h6 22. e3 a6 23. Rd2 Be6 24. Nxe6 Rxd2 25. Qxd2 Qxe6 26. Qd8+ Qe8 27. Qb6 Qd7 28. Bf3 Nd5 29. Bxd5 cxd5 30. h4 {½-½ Cramling,P (2440)-Socko,M (2378) 24th European Teams Women 2023 (1.8)}) 16. Rad1 Be6 17. Rd2 Nf6 18. Rfd1 Bd5 19. Nh4 Bxg2 20. Nf5 Qe8 21. Kxg2 b6 22. f3 Rxd2 23. Qxd2 g6 24. e4 Nxe4 25. Nh6+ Kg7 26. fxe4 Qxe4+ 27. Kg1 Re8 28. g4 f6 29. g5 Qd4+ 30. Qxd4 cxd4 31. Ng4 fxg5 32. Rxd4 Re7 33. h3 h5 34. Nf2 Kh6 35. Ne4 Re5 36. Kg2 Rf5 37. Rd7 Rf4 38. Nd6 g4 39. h4 g5 40. Nf7+ Kg6 41. Nxg5 Rc4 42. Rd2 1-0

[Event "45th Olympiad 2024"]
[Site "Budapest HUN"]
[Date "2024.09.21"]
[Round "10.18"]
[Board "4"]
[White "Lopez Silva, Hugo"]
[Black "Olsen, Filip Boe"]
[Result "1/2-1/2"]
[WhiteElo "2379"]
[BlackElo "2441"]
[PlyCount "161"]
[EventDate "2024.09.11"]
[WhiteTeam "Chile"]
[BlackTeam "Denmark"]
[WhiteTeamCountry "CHI"]
[BlackTeamCountry "DEN"]

1. e4 c6 2. d4 d5 3. exd5 cxd5 4. Bd3 Nc6 5. c3 Nf6 6. Bf4 Bg4 7. Qb3 Qd7 8. Nd2 e6 9. Ngf3 Bd6 10. Bxd6 Qxd6 11. O-O O-O 12. Rae1 Bxf3 13. Nxf3 Qc7 14. Qc2 ({RR} 14. Re3 Rab8 15. Qd1 g6 16. Ng5 Qf4 17. Rg3 e5 18. Nh3 Qh4 19. f4 exd4 20. Ng5 dxc3 21. Rh3 Qg4 22. Qc2 Rbe8 23. Qxc3 Nh5 24. Nxh7 Kxh7 25. Rff3 Kg8 26. Qd2 Re7 27. Qf2 Rfe8 28. Rh4 Re1+ {0-1 Aronian,L (2782)-Artemiev,V (2699) Meltwater Tour Final rapid 2021 (2.2)}) 14... g6 15. Qd2 Kg7 16. Re3 ({RR} 16. Ne5 Nxe5 17. Rxe5 Ng4 18. f4 Nxe5 19. fxe5 Qe7 20. Rf6 Rac8 21. Qg5 Rc7 22. h4 h6 23. Qf4 b5 24. h5 g5 25. Qd2 b4 26. Bc2 bxc3 27. bxc3 Qa3 28. Qd3 Rh8 29. Rf3 Qxa2 30. Kh2 Qc4 {0-1 Bauml,B (1978)-Yuan,Q (2341) Titled Tue 10th Sep Late 2024 (1)}) 16... a6 $146 ({RR} 16... Rab8 17. a4 a6 18. Rfe1 Qf4 19. Qd1 b5 20. axb5 axb5 21. b4 Rfc8 22. h3 Qc7 23. Nd2 Ne7 24. Bc2 Nf5 25. Bxf5 gxf5 26. Nb3 Ne4 27. Nc5 Kh8 28. Na6 Qf4 29. Rf3 Qg5 30. Nxb8 Rxb8 31. Qc1 {0-1 Ter Sahakyan,S (2563)-Swapnil,S (2533) PRO League Stage rapid 2018 (9)}) ({RR} 16... Qf4 17. h3 Ng8 18. g3 Qc7 19. h4 Nce7 20. Re2 Nf6 21. Ne5 Rae8 22. Kg2 Nd7 23. Ng4 f5 24. Qh6+ Kh8 25. Ne5 Nxe5 26. Rxe5 Ng8 27. Qf4 Nf6 28. Rfe1 Qd7 29. f3 Kg7 30. Qe3 Kf7 31. Qh6 {1-0 Quesada Perez,Y (2609)-Matviishen,V (2538) National Open 2023 (8.1)}) 17. Rfe1 Rfe8 18. Ne5 Nxe5 19. dxe5 Ng8 20. h4 Red8 21. Rg3 b5 22. b3 Rac8 23. Bb1 Qe7 24. h5 a5 25. Qf4 b4 26. c4 dxc4 27. bxc4 Rc7 28. Bd3 Rcd7 29. Ree3 a4 30. hxg6 hxg6 31. Bxg6 fxg6 32. Rxg6+ Kxg6 33. Rg3+ Kh7 34. Rh3+ Kg7 35. Qg4+ Kf8 36. Rf3+ Qf7 37. Qxe6 Qxf3 38. gxf3 Rg7+ 39. Kf1 Rdd7 40. Qc6 b3 41. Qxa4 bxa2 42. Qxa2 Ra7 43. Qb1 Rgb7 44. Qf5+ Kg7 45. f4 Rb2 46. Qg5+ Kf8 47. Qd8+ Kg7 48. f5 Raa2 49. f6+ Kh8 50. Qd4 Nh6 51. Qd8+ Ng8 52. Qd4 Nh6 53. e6 Rxf2+ 54. Ke1 Rfe2+ 55. Kd1 Nf5 56. f7+ Nxd4 57. f8=Q+ Kh7 58. Qf7+ Kh6 59. Qf6+ Kh5 60. Qxd4 Rh2 61. Qe5+ Kg4 62. Qe4+ Kg3 63. Qe3+ Kg2 64. Qe4+ Kg3 65. Qe3+ Kg4 66. Qe4+ Kg5 67. Qe5+ Kg6 68. Qe4+ Kf6 69. Qf4+ Ke7 70. Qc7+ Kxe6 71. Qc6+ Ke5 72. Qd5+ Kf4 73. Qd4+ Kf3 74. Qd3+ Kf2 75. Qd4+ Kg2 76. Qe4+ Kg3 77. Qe3+ Kg4 78. Qe4+ Kg3 79. Qe3+ Kg4 80. Qe4+ Kg3 81. Qe3+ 1/2-1/2

[Event "45th Olympiad 2024"]
[Site "Budapest HUN"]
[Date "2024.09.21"]
[Round "10.19"]
[Board "1"]
[White "Mchedlishvili, Mikheil"]
[Black "Sadorra, Julio Catalino"]
[Result "1/2-1/2"]
[WhiteElo "2574"]
[BlackElo "2542"]
[PlyCount "44"]
[EventDate "2024.09.11"]
[WhiteTeam "Georgia"]
[BlackTeam "Philippines"]
[WhiteTeamCountry "GEO"]
[BlackTeamCountry "PHI"]

1. e4 d5 2. exd5 Qxd5 3. Nc3 Qa5 4. d4 Nf6 5. Nf3 Bf5 6. Ne5 c6 7. g4 Be6 8. Qe2 ({RR} 8. h3 Nbd7 9. Nxd7 Bxd7 10. Bg2 e6 11. O-O Be7 12. Ne2 O-O-O 13. c3 e5 14. Qc2 h5 15. b4 Qc7 16. dxe5 Nd5 17. g5 Qxe5 18. f4 Qf5 19. Qa4 Qd3 20. Rf2 Bxh3 21. Qxa7 Bxg2 22. Kxg2 Qe4+ {0-1 Asadli,V (2579)-Mamedyarov,S (2767) Gashimov Memorial Blitz 7th 2021 (9)}) ({RR} 8. Bc4 Bxc4 9. Nxc4 Qc7 10. Qf3 Qd7 11. Ne5 Qxd4 12. Bf4 Nbd7 13. Nxf7 Kxf7 14. Rd1 Ne5 15. Qg3 Ne4 16. Rxd4 Nxg3 17. Bxe5 Nxh1 18. f4 h5 19. g5 Ke8 20. Ne4 e6 21. Kf1 Rd8 22. Rxd8+ Kxd8 {0-1 Dobrowolski,P (2417)-Papayan,O (2253) Titled Tue 2nd May Late 2023 (4)}) 8... Qb6 $146 ({RR} 8... Nbd7 9. Nxd7 Bxd7 10. Rg1 e6 11. Bd2 Bb4 12. a3 Nd5 13. Rg3 Nxc3 14. Bxc3 Bxc3+ 15. Rxc3 h5 16. h3 O-O-O 17. O-O-O Qg5+ 18. Qe3 Qxe3+ {½-½ Hernandez Guerrero,G (2510)-Araque,R (2210) Curitiba 300 years op 1993 (5)}) ({RR} 8... Nbd7 9. h3 Bd5 10. f3 e6 11. Bd2 Qb6 12. Nxd7 Nxd7 13. Nxd5 cxd5 14. Bc3 Bd6 15. O-O-O Rc8 16. Qb5 Qc7 17. Bd3 a6 18. Qa4 O-O 19. Ba5 b6 20. Bd2 b5 21. Qb3 Qa7 22. c3 Qxd4 23. Qc2 {0-1 Sadkiewicz,J (2225)-Manakov,M (2245) GER-ch (Women) 1993}) 9. f4 g6 10. Bg2 Nbd7 11. h3 Qxd4 12. Be3 Qb4 13. Nd3 Qa5 14. O-O Bg7 15. b4 Qc7 16. f5 gxf5 17. gxf5 Bd5 18. Bf4 Qb6+ 19. Be3 Qc7 20. Bf4 Qb6+ 21. Be3 Qc7 22. Bf4 Qb6+ 1/2-1/2